<?xml version="1.0" encoding="UTF-8"?>
<record
    xmlns:xsi="http://www.w3.org/2001/XMLSchema-instance"
    xsi:schemaLocation="http://www.loc.gov/MARC21/slim http://www.loc.gov/standards/marcxml/schema/MARC21slim.xsd"
    xmlns="http://www.loc.gov/MARC21/slim">

  <leader>01490cam a2200313 a 4500</leader>
  <controlfield tag="001"> 83165</controlfield>
  <controlfield tag="003">BD-RjUL</controlfield>
  <controlfield tag="005">20240227123247.0</controlfield>
  <controlfield tag="008">240227q19531954ir a     b    000 0 perr </controlfield>
  <datafield tag="035" ind1=" " ind2=" ">
    <subfield code="a">(BD-RjUL) 83165</subfield>
  </datafield>
  <datafield tag="040" ind1=" " ind2=" ">
    <subfield code="a">DLC</subfield>
    <subfield code="c">DLC</subfield>
    <subfield code="d">DLC</subfield>
    <subfield code="b">eng</subfield>
  </datafield>
  <datafield tag="041" ind1=" " ind2=" ">
    <subfield code="a">per</subfield>
  </datafield>
  <datafield tag="082" ind1=" " ind2=" ">
    <subfield code="2">23</subfield>
    <subfield code="a">955.024</subfield>
    <subfield code="b">BAT 1953-1954</subfield>
  </datafield>
  <datafield tag="100" ind1="1" ind2=" ">
    <subfield code="a">Bayhaq&#x12B;, Ab&#x16B; al-Faz&#x324;l Mu&#x1E25;ammad ibn &#x1E24;usayn,</subfield>
    <subfield code="d">approximately 996-1077.</subfield>
    <subfield code="9">11932</subfield>
  </datafield>
  <datafield tag="245" ind1="1" ind2="0">
    <subfield code="a">&#x62A;&#x627;&#x631;&#x6CC;&#x62E; &#x645;&#x633;&#x639;&#x648;&#x62F;&#x6CC; : &#x645;&#x639;&#x631;&#x648;&#x641; &#x628;&#x647; &#x62A;&#x627;&#x631;&#x6CC;&#x62E; &#x628;&#x6CC;&#x647;&#x642;&#x6CC; / T&#x101;r&#x12B;kh-i Mas&#x2BF;&#x16B;d&#x12B; : ma&#x2BF;r&#x16B;f bih t&#x101;r&#x12B;kh-i Bayhaq&#x12B; /</subfield>
    <subfield code="c">az Ab&#x16B; al-Faz&#x324;l Mu&#x1E25;ammad ibn &#x1E24;usayn K&#x101;tib Bayhaq&#x12B; ; b&#x101; muq&#x101;balah va ta&#x1E63;&#x1E25;&#x12B;&#x1E25; va havash&#x12B; va ta&#x2BB;l&#x12B;qat-i Sa&#x2BB;&#x12B;d Nafisi &#x627;&#x628;&#x648; &#x627;&#x644;&#x641;&#x636;&#x644; &#x645;&#x62D;&#x645;&#x62F; &#x628;&#x646; &#x62D;&#x633;&#x64A;&#x646; &#x643;&#x627;&#x62A;&#x628; &#x628;&#x64A;&#x647;&#x642;&#x64A; &#x61B; &#x64A;&#x627; &#x645;&#x642;&#x627;&#x628;&#x644;&#x647; &#x648;&#x62A;&#x635;&#x64A;&#x62D; &#x648;&#x62D;&#x648;&#x627;&#x634;&#x64A; &#x648;&#x62A;&#x639;&#x644;&#x64A;&#x642;&#x627;&#x62A; &#x633;&#x639;&#x64A;&#x62F; &#x646;&#x641;&#x64A;&#x633;&#x64A;</subfield>
  </datafield>
  <datafield tag="260" ind1=" " ind2=" ">
    <subfield code="a">[Tehran] : &#x62A;&#x647;&#x631;&#x627;&#x646;,</subfield>
    <subfield code="b">Intish&#x101;r&#x101;t-i Kit&#x101;bkh&#x101;nah-&#x2BC;i San&#x101;&#x2BC;&#x12B;,&#x627;&#x646;&#x62A;&#x634;&#x627;&#x631;&#x627;&#x62A; &#x62F;&#x627;&#x646;&#x634;&#x6AF;&#x627;&#x647; &#x62A;&#x647;&#x631;&#x627;&#x646;, &#x62A;&#x647;&#x631;&#x627;&#x646;,</subfield>
    <subfield code="c">1953-1954</subfield>
  </datafield>
  <datafield tag="300" ind1=" " ind2=" ">
    <subfield code="a">3 v. (8, 1596 p.) :</subfield>
    <subfield code="b">ill. ;</subfield>
    <subfield code="c">25 cm.</subfield>
  </datafield>
  <datafield tag="490" ind1=" " ind2=" ">
    <subfield code="a">Intish&#x101;r&#x101;t-i D&#x101;nishg&#x101;h-i Tihr&#x101;n</subfield>
    <subfield code="v">172</subfield>
  </datafield>
  <datafield tag="500" ind1=" " ind2=" ">
    <subfield code="a">In Persian.</subfield>
  </datafield>
  <datafield tag="504" ind1=" " ind2=" ">
    <subfield code="a">Includes bibliographical references.</subfield>
  </datafield>
  <datafield tag="505" ind1=" " ind2=" ">
    <subfield code="a">Vol. 3.--</subfield>
  </datafield>
  <datafield tag="650" ind1=" " ind2="0">
    <subfield code="a">Ghaznevids.</subfield>
    <subfield code="9">11933</subfield>
  </datafield>
  <datafield tag="651" ind1=" " ind2="0">
    <subfield code="a">Iran</subfield>
    <subfield code="x">History</subfield>
    <subfield code="y">640-1256.</subfield>
    <subfield code="9">10110</subfield>
  </datafield>
  <datafield tag="651" ind1=" " ind2="0">
    <subfield code="a">Afghanistan</subfield>
    <subfield code="x">History.</subfield>
    <subfield code="9">11934</subfield>
  </datafield>
  <datafield tag="700" ind1="1" ind2=" ">
    <subfield code="a">Naf&#x12B;s&#x12B;, Sa&#x2BB;id,</subfield>
    <subfield code="d">1895-1966.</subfield>
    <subfield code="9">11911</subfield>
  </datafield>
  <datafield tag="830" ind1=" " ind2=" ">
    <subfield code="a">Intish&#x101;r&#x101;t-i D&#x101;nishg&#x101;h-i Tihr&#x101;n</subfield>
    <subfield code="v">172</subfield>
  </datafield>
  <datafield tag="942" ind1=" " ind2=" ">
    <subfield code="2">ddc</subfield>
    <subfield code="c">BK</subfield>
  </datafield>
  <datafield tag="999" ind1=" " ind2=" ">
    <subfield code="c">83165</subfield>
    <subfield code="d">83165</subfield>
  </datafield>
  <datafield tag="952" ind1=" " ind2=" ">
    <subfield code="0">0</subfield>
    <subfield code="1">0</subfield>
    <subfield code="2">ddc</subfield>
    <subfield code="4">0</subfield>
    <subfield code="7">1</subfield>
    <subfield code="8">NFIC</subfield>
    <subfield code="a">RUCL</subfield>
    <subfield code="b">RUCL</subfield>
    <subfield code="c">Reading</subfield>
    <subfield code="d">2024-02-27</subfield>
    <subfield code="g">140.00</subfield>
    <subfield code="o">F 955.024 BAT V-3 1953-1954</subfield>
    <subfield code="r">2024-02-27 00:00:00</subfield>
    <subfield code="t">C-1</subfield>
    <subfield code="y">BK</subfield>
  </datafield>
</record>
